Eurowizja - Statystyki

Ogólne statystyki
  • Ten quiz został rozwiązany 670 razy
    295 od ostatniego zresetowania
  • Średni wynik to 66 z 72
Statystyki odpowiedzi
Hint Odpowiedź % Poprawnych
1974 Szwecja
99%
1984 Szwecja
99%
1991 Szwecja
99%
1999 Szwecja
99%
2012 Szwecja
99%
2015 Szwecja
99%
2023 Szwecja
99%
1964 Włochy
98%
1990 Włochy
98%
2021 Włochy
98%
1985 Norwegia
97%
1995 Norwegia
97%
2009 Norwegia
97%
2004 Ukraina
97%
2016 Ukraina
97%
2022 Ukraina
97%
1966 Austria
96%
2014 Austria
96%
2025 Austria
96%
1958 Francja
96%
1960 Francja
96%
1962 Francja
96%
1969 Francja
96%
1977 Francja
96%
1982 Niemcy
96%
2010 Niemcy
96%
1956 Szwajcaria
96%
1988 Szwajcaria
96%
2024 Szwajcaria
96%
2017 Portugalia
95%
1978 Izrael
94%
1979 Izrael
94%
1998 Izrael
94%
2018 Izrael
94%
1968 Hiszpania
93%
1969 Hiszpania
93%
1957 Holandia
93%
1959 Holandia
93%
1969 Holandia
93%
1975 Holandia
93%
2019 Holandia
93%
2008 Rosja
93%
2006 Finlandia
92%
1967 Wielka Brytania
92%
1969 Wielka Brytania
92%
1976 Wielka Brytania
92%
1981 Wielka Brytania
92%
1997 Wielka Brytania
92%
1970 Irlandia
90%
1980 Irlandia
90%
1987 Irlandia
90%
1992 Irlandia
90%
1993 Irlandia
90%
1994 Irlandia
90%
1996 Irlandia
90%
1963 Dania
88%
2000 Dania
88%
2013 Dania
88%
2001 Estonia
88%
2005 Grecja
88%
2002 Łotwa
86%
1986 Belgia
83%
2007 Serbia
81%
1961 Luksemburg
79%
1965 Luksemburg
79%
1972 Luksemburg
79%
1973 Luksemburg
79%
1983 Luksemburg
79%
2011 Azerbejdżan
72%
2003 Turcja
71%
1971 Monako
55%
1989 Jugosławia
54%
Nie znaleziono quizów pasujących do podanych kryteriów
Rozkład punktacji
Procent ludzi z każdym wynikiem
Percentyl według liczby udzielonych odpowiedzi
Twoja historia wyników
Nie rozwiązałeś tego quizu od ostatniego zresetowania